000 00630nam a2200229Ia 4500
003 OSt
005 20220928123039.0
006 a|||||r|||| 00| 0
007 ta
008 220927b |||||||| |||| 00| 0 eng d
024 _a28975
037 _cTextual
040 _aSDCL
_cSDCL
_beng
041 _2eng
_aeng
082 _aX:91g, M8
100 _aGhorpade Jai
_9460070
245 0 _aJob analysis
_b A handbook for the human resource director
260 _aEnglewood
_bCliffs Prentice Hall
_c1988
300 _axix,348p
_ccm.
942 _hX:91g, M8
_cTEXL
_2CC
999 _c773303
_d773303